Figure Skating Women's Singles Winners 2024/25 - Statistics

General Stats
  • This quiz has been taken 110 times
  • The average score is 9 of 21
Answer Stats
Hint Answer % Correct
World Champion (USA) Alysa Liu
98%
GP de France (USA) Amber Glenn
79%
GP Cup of China (USA) Amber Glenn
79%
Grand Prix Final Amber Glenn
73%
GP NHK Trophy (Japan) Kaori Sakamoto
72%
GP Skate Canada (Japan) Kaori Sakamoto
71%
European Champion (Estonia) Niina Petrokina
69%
World Junior Champion (Japan) Mao Shimada
59%
CS Lombardia Trophy (USA) Amber Glenn
53%
Four Continents Champion (Korea) Chae-yeon Kim
52%
GP Skate America (Japan) Wakaba Higuchi
44%
CS Denis Ten Memorial Challenge (Georgia) Anastasiia Gubanova
41%
CS Budapest Trophy (USA) Alysa Liu
36%
CS Tallinn Trophy (Belgium) Nina Pinzarrone
31%
CS Trophée Métropole Nice Côte d'Azur (korea) Chae-yeon Kim
29%
GP Finlandia Trophy (Japan) Hana Yoshida
18%
CS Golden Spin of Zagreb Alysa Liu
11%
CS Nebelhorn Trophy (USA) Elyce Lin-Gracey
9%
CS Nepela Memorial (Korea) Ahsun Yun
7%
CS Warsaw Cup (Canada) Katherine Medland Spence
5%
CS Cranberry Cup International (USA) Sarah Everdardy
0%
No matching quizzes found
Score Distribution
Percent of People with Each Score
Percentile by Number Answered
Your Score History
You have not taken this quiz